Rozponaj zawodnika FC Barcelony #5 - Statystyki

Ogólne statystyki
  • Ten quiz został rozwiązany 47 razy
  • Średni wynik to 8 z 16
Statystyki odpowiedzi
Obrazkowy Odpowiedź % Poprawnych
Gerard Piqué
97%
Zlatan Ibrahimović
97%
Andrés Iniesta
94%
Diego Maradona
91%
João Félix
88%
Iñigo Martínez
68%
Gianluca Zambrotta
47%
Riqui Puig
47%
Emerson Royal
41%
Eiður Guðjohnsen
32%
Ibrahim Afellay
32%
Alaksandr Hleb
26%
Alen Halilović
18%
Sandro Ramírez
18%
Rüştü Reçber
15%
Jordi Cruijff
9%
Nie znaleziono quizów pasujących do podanych kryteriów
Rozkład punktacji
Procent ludzi z każdym wynikiem
Percentyl według liczby udzielonych odpowiedzi
Twoja historia wyników
Nie rozwiązałeś tego quizu